000 00912nam a22002777a 4500
001 BR2018000463
003 BR-BrBNA
005 20230928105230.0
007 ta
008 230509b bl.||||| |||| 00| 0 por d
040 _aBR-BrBNA
_bpor
_cBiblioteca Nacional de Agricultura
041 _a(Por)
072 _aP10
090 _ P10 BR2018000463
100 1 _aJesus, F. de(coord.)
110 1 _aThe Nature Conservancy, Brasília, DF (Brasil)
_910294
245 1 _aClassificação dos ecossistemas aquáticos do Pantanal e da bacia do Paraguai; Clssificación de los ecossistemas acuáticos del Pantanal y de la cuenca del Alto Paraguay
260 3 _aBrasília, DF (Brasil):
_c2003.
300 _a108 p.
500 _aInclue CD-Room; 17 ref.
650 _aBACIA HIDROGRÁFICA
650 _aECOSSISTEMA
650 _aPRESERVAÇÃO DA NATUREZA
909 _a202309
_bLucia
_c55
_dLucia Elande
942 _cBK
999 _c84172
_d84172